00485nam a2200169Ia 450000500170000000800460001703700120006304000210007504100130009608400270010910000190013624500560015526000480021130000150025936500130027465000280028720250508164458.0008 250505s9999 xx 000 0 eng d aTextual aFEDL bengcFEDL aeng2eng a305.5630954, ROBqFEDL aRobb Peter Ed. 0aDalit movements and the meanings of labour in India aDelhi, IndiabOxford University Pressc1993 aviii,354p. aINRb295 aDalit movements; Labour